| 000 | 00896nam a22002417a 4500 | ||
|---|---|---|---|
| 005 | 20241202150054.0 | ||
| 010 | _aENG-124065 ENG-142763 | ||
| 020 |
_a9789386551559 _c197.00 |
||
| 020 |
_a9789386551559 _c360.00 |
||
| 035 | _aEN-107597 | ||
| 035 | _aEN-126295 | ||
| 037 | _bDBAD | ||
| 082 | _a005.8 | ||
| 100 |
_aMayank Bhushan _974503 |
||
| 245 |
_aFundamental of cyber security: _b(principles, theory and practices)/ _cby Mayank Bhushan; Rajkumar Singh Rathore [and] Aatif Jamshed |
||
| 260 |
_aNew Delhi _bBPB Publications _c2017 |
||
| 270 |
_aB-14,Connaught Place, _bNew Delhi _e110001 |
||
| 300 |
_axvi,212p. _bill. _c22cm(Hb) |
||
| 500 | _aIt includes important questions, previous year university question papers and references. | ||
| 700 |
_a Rathore, Rajkumar Singh _eAuthor _974504 |
||
| 700 |
_aAatif Jamshed _eAuthor _974505 |
||
| 942 |
_2ddc _cEN _h005.8 _mMAY |
||
| 999 |
_c157708 _d157708 |
||